| 000 | 00478nam a22001937a 4500 | ||
|---|---|---|---|
| 003 | MPLRDC | ||
| 005 | 20220104143415.0 | ||
| 008 | 210129b ||||| |||| 00| 0 eng d | ||
| 020 | _a962-973-221-1 | ||
| 082 | _a855 WD | ||
| 100 | _a王丹 | ||
| 245 |
_a生命可贵 自由价高: 我的青春岁月 _c |
||
| 250 | _a再版 | ||
| 260 |
_a _b明报出版社 _c1999 |
||
| 300 | _b平 | ||
| 490 | _a神州系列 | ||
| 650 | _a散文;随笔、日记 | ||
| 942 |
_cBK _o855 WD |
||
| 999 |
_c39592 _d39582 |
||